| 000 | 00606nam a2200217Ia 4500 | ||
|---|---|---|---|
| 999 |
_c41094 _d41094 |
||
| 001 | 7744 | ||
| 003 | GE_BSU | ||
| 005 | 20220923135945.0 | ||
| 008 | 181216s2003en xx |||||||||||||| ||eng|| | ||
| 020 | _a9780321123817 | ||
| 040 | _cGE_BSU | ||
| 041 | _aeng | ||
| 080 | _a621.396.93 S-32 | ||
| 100 |
_aSchiller, Jochen H. _914735 |
||
| 245 |
_aMobile Communications / _cJochen H. Schiller |
||
| 264 |
_aEngland : _bAddiso-Wesley, _c2003. |
||
| 300 |
_a492 p. ; _c23 cm. |
||
| 653 | _aMobile Communications | ||
| 653 | _aმობილური კომუნიკაციები | ||
| 942 |
_cBK _2udc |
||